PHARMACOLOGY (Record no. 7996)

MARC details
000 -LEADER
fixed length control field 00352nam a22001577a 4500
020 ## - INTERNATIONAL STANDARD BOOK NUMBER
International Standard Book Number 978-81-312-2812-8
082 ## - DEWEY DECIMAL CLASSIFICATION NUMBER
Classification number 615,P14S
100 ## - MAIN ENTRY--PERSONAL NAME
Personal name SHANBAG,TARA V
245 ## - TITLE STATEMENT
Title PHARMACOLOGY
250 ## - EDITION STATEMENT
Edition statement 2ND
260 ## - PUBLICATION, DISTRIBUTION, ETC. (IMPRINT)
Place of publication, distribution, etc DELHI
Name of publisher, distributor, etc ELSEVIER
Year of Publication 2014
300 ## - PAGE DESCRIPTION
No. of Pages 522
650 ## - SUBJECT ADDED ENTRY--TOPICAL TERM
Topical term or geographic name as entry element PHARMACOLOGY
653 ## - KEYWORDS--INDEX TERM
Keyword term PREP MANUAL OF PHARMACOLOGY
942 ## - ADDED ENTRY ELEMENTS (KOHA)
Source of classification or shelving scheme Dewey Decimal Classification
Koha item type Books
942 ## - ADDED ENTRY ELEMENTS (KOHA)
-- 529
Holdings
Withdrawn status Lost status Source of classification or shelving scheme Damaged status Not for loan Collection code Home library Current library Date acquired Vendor Name Cost, normal purchase price SGTU Bill Number Total Checkouts Total Renewals Full call number Accession No. (Barcode) Checked out Date last seen Date last borrowed Bill Date Koha item type
    Dewey Decimal Classification     MEDICAL SGT Medical Library SGT Medical Library 22/09/2015 AHUJA BOOK COMPANY 745.00 SGTU 5792 104 2 615,P14S FM7286 15/06/2026 01/06/2026 01/06/2026 06/06/2015 Books
    Dewey Decimal Classification     MEDICAL SGT Medical Library SGT Medical Library 22/09/2015 AHUJA BOOK COMPANY 745.00 SGTU 5792 86 1 615,P14S FM7287   24/03/2025 24/03/2025 06/06/2015 Books
    Dewey Decimal Classification     MEDICAL SGT Medical Library SGT Medical Library 22/09/2015 AHUJA BOOK COMPANY 745.00 SGTU 5792 91   615,P14S FM7288   15/10/2024 14/10/2024 06/06/2015 Books
    Dewey Decimal Classification     MEDICAL SGT Medical Library SGT Medical Library 22/09/2015 AHUJA BOOK COMPANY 745.00 SGTU 5792 112 2 615,P14S FM7289   18/06/2025 13/06/2025 06/06/2015 Books
    Dewey Decimal Classification     MEDICAL SGT Medical Library SGT Medical Library 22/09/2015 AHUJA BOOK COMPANY 745.00 SGTU 5792 81 1 615,P14S FM7290   28/04/2026 11/04/2026 06/06/2015 Books
    Dewey Decimal Classification     MEDICAL SGT Medical Library SGT Medical Library 22/09/2015 AHUJA BOOK COMPANY 745.00 SGTU 5792 89   615,P14S FM7291 15/06/2026 01/06/2026 01/06/2026 06/06/2015 Books
    Dewey Decimal Classification     MEDICAL SGT Medical Library SGT Medical Library 22/09/2015 AHUJA BOOK COMPANY 745.00 SGTU 5792 92 1 615,P14S FM7292   24/10/2025 25/09/2025 06/06/2015 Books
    Dewey Decimal Classification     MEDICAL SGT Medical Library SGT Medical Library 22/09/2015 AHUJA BOOK COMPANY 745.00 SGTU 5792 102   615,P14S FM7293   12/06/2025 02/06/2025 06/06/2015 Books
    Dewey Decimal Classification     MEDICAL SGT Medical Library SGT Medical Library 22/09/2015 AHUJA BOOK COMPANY 745.00 SGTU 5792 81   615,P14S FM7294   18/05/2026 11/03/2026 06/06/2015 Books
    Dewey Decimal Classification     MEDICAL SGT Medical Library SGT Medical Library 22/09/2015 AHUJA BOOK COMPANY 745.00 SGTU 5792 87 4 615,P14S FM7295   18/06/2025 06/06/2025 06/06/2015 Books